000 00527nam a2200169Ia 4500
005 20250923144621.0
008 008 250917s9999 xx 000 0 eng d
037 _aTextual
040 _aDSWL
_beng
_cDSWL
041 _aeng
_2eng
084 _aX9J:S.N4, J0
_qDSWL
245 0 _aLabour problems in agricultur, general report
_cby International Labour Conference
260 _aGeneva
_b Geneva International Labours Office
_c1950
300 _a72p.
942 _cTEXL
_hX9J:S.N4, J0
999 _c1441217
_d1441217